The Taming of the shrew /

Sparad:
Bibliografiska uppgifter
Huvudupphovsman: Shakespeare, William, 1564-1616.
Materialtyp: Bok
Språk:English
Publicerad: Cambridge : Cambridge University Press, 1984.
Ämnen:
Taggar: Lägg till en tagg
Inga taggar, Lägg till första taggen!
Thư viện lưu trữ: Mạng thư viện Đại học Đà Nẵng
LEADER 01132cam a2200385 i 4500
001 000045887
003 5086
005 20030401141137.0
008 010220|1984 vm 000 eng
020 |a 052129388X 
040 |a IRC  |c IRC  |d IRC 
041 0 |a eng 
082 1 4 |a 822.33  |b SH-W 
100 1 |a Shakespeare, William,  |d 1564-1616. 
245 0 4 |a The Taming of the shrew /  |c William Shakespear. 
260 |a Cambridge :  |b Cambridge University Press,  |c 1984. 
300 |a xiii, 190p. :  |b ill. 
600 1 5 |a Shakespeare, William,  |d 1564-1616.  |t Taming of the shrew  |x Problems, exercises, etc. 
630 0 4 |a Plays. 
630 0 4 |a Drama. 
630 0 4 |a William Shakespeare. 
650 0 4 |a Plays. 
650 0 4 |a Young adult drama, English. 
650 0 4 |a Shakespeare, William,  |d 1564-1616.  |t Taming of the shrew  |x Problems, exercises, etc. 
650 0 4 |a Married people  |z Italy  |x Padua  |x Drama. 
OWN |a DUT 
999 |a From the UDN01 
TYP |a Monograph 
TYP |a Printed language 
980 |a Mạng thư viện Đại học Đà Nẵng